StarCraft II: Wings of Liberty Story - Statistics

General Stats
  • This quiz has been taken 6 times
  • The average score is 33 of 47
Answer Stats
Hint Answer % Correct
The main protagonist, Jim Raynor is on this planet at the start of the campaign Mar Sara
100%
Afterwords, he encounters this former convict and longtime friend at Joeyray's bar Tychus Findlay
100%
After narrowly taking the fragment before the Zerg could, Raynor travels to the planet Xil in order to steal the third one. However, after discovering it is locked within in ancient temple, he has to use this abandoned Moebius technology to break it out Drakken Laser Drill
83%
With the third fragment secured, Raynor then receives a message from this leader of the Moebius foundation, telling him that the Zerg have overrun the Moebius headquarters on Tyrador in an attempt to find the remaining fragments before Raynor. Dr. Emil Narud
83%
The captain of the above ship who acts as an advisor to Raynor throughout the campaign Matt Horner
83%
The Emperor's son manages to convince Raynor not to kill him by saying he could save this woman, who was infested by the Zerg Overmind and is now known as the Queen of Blades Sarah Kerrigan
83%
After destroying the Moebius data cores on Tyrador VIII to prevent the Zerg from knowing the locations of the last two pieces, Raynor travels to Typhon XI to get the fourth fragment. However the star the planet orbited begins to turn into this right as he arrives Supernova
83%
After being informed of the location of the second artifact fragment, Raynor encounters resistance from this Protoss faction Tal'darim
83%
On the planet, Raynor leads a successful civilian uprising against this oppressive Terran empire The Dominion of Man
83%
After managing to fight back for some time, Raynor successfully leaves aboard this ship, which serves as his flagship The Hyperion
83%
After stealing the artifact fragment on the planet, Raynor then has to leave the planet after this alien species begins to conquer it The Zerg
83%
Raynor and Tychus board the Dominion Flagship with the intent on killing the Emperor and forwarding the revolution, however they find this man, who is the Emperor's son instead Valerian Mengsk
83%
Raynor's friend then encourages him to find and sell artifact fragments of this ancient alien species to the Moebius Foundation as they are worth a lot of money after their transportation was banned by the Dominion Xel'naga
83%
While on the Dominion Capital, Raynor manages to acquire secret documents pertaining to a Dominion research facility on Castanar. Upon arriving, he encounters this being which was bred by Dominion scientists A Hybrid Reaver
67%
He says that if she dies, then this ancient being will destroy the entire galaxy Amon
67%
It is then revealed that the machine contained a message that implicated this man, who is the Dominion Emperor by revealing that he was the one who ordered the destruction of the planet Tarsonis Arcturus Mengsk
67%
Raynor also receives a message from this woman asking for his assistance in evacuating civilians from the planet Agria from the Zerg due to the Dominion abandoning them Ariel Hanson
67%
With all of the fragments, Raynor, with the help of the Dominion fleet under Valerian travel to this planet, which serves as the home of the Zerg under the Queen of Blades Char
67%
Unable to see what the machine has due to it being encrypted, Raynor attempts to contact this mercenary Colonel Orlan
67%
After hearing from an informant that the Dominion is transporting salvage on trains with little security, Raynor launches an ambush getting both resources to sell for profit and this machine Confederate Adjutant
67%
Using Tychus, Raynor launches an assault on UNN Studios, the Dominion's propaganda network, successfully broadcasting the controversial message across the galaxy. This then causes this pro-Dominion news anchor to be committed to a mental institute because his family was on Tarsonis Donny Vermillion
67%
In addition, Raynor also brings along Tychus and this man, who is one of the scientists aboard the Hyperion Egon Stetmann
67%
Along the way, Raynor comes into contact with this former Dominion Ghost, who needs Raynor's assistance to get the resources necessary to create super soldiers Gabriel Tosh
67%
The colonists are then evacuated again to this planet, however the virus began to spread again Haven
67%
Instead of putting Raynor in charge of the mission, the Dominion put this top general in charge, whose invasion strategy ends up to be disastrous when attempting to land on the planet Horace Warfield
67%
After successfully resettling them on the planet Meinhoff, a Zerg virus begins to quickly infest the colonists, turning them into this Infested Terran
67%
First, he asks Raynor to travel to the planet Redstone III to mine its rare mineral deposits, allowing Raynor to keep some of them for profit. The minerals in question contained this mind-altering chemical Jorium
67%
Before launching a final assault on the Zerg hive, Raynor is advised to take out the Zerg's air defenses, which are concentrated on a infested platform orbiting the planet. He would also be able to destroy this massive Zerg aerial unit, which would not be used in the final battle if it were killed Leviathan
67%
However, the planet is corrupted by the influence of this Protoss-Zerg Hybrid and the Dark Templar must fight his way to the now imprisoned Protoss scholars Maar
67%
However, after managing to decrypt it, the above attempts to sell the information to the Dominion. This causes Raynor to enlist the support of this female mercenary, who was hired by the above to defend him, in order to regain the machine Mira Han
67%
Finally, he asks Raynor to assist him in breaking out some of Dominion's most dangerous criminals, which are held at this prison New Folsom Prison
67%
However, Raynor has the option of betraying him after hearing this Dominion Ghost attempt to convince him that that man will be a danger to society. As a result, the man Raynor worked with for two missions is assassinated by this Ghost Nova
67%
Instead, Raynor could also target the network of these Zerg ground units, which can quickly transport Zerg reinforcements across the planet easily. However, he can only choose one option Nydus Worms
67%
If Raynor decides to destroy the Zerg's ground transports, he brings along this man, who is the chief engineer in the Hyperion's armory Rory Swann
67%
He then reveals to the Dark Templar that the fate the galaxy depends on this woman Sarah Kerrigan
67%
Raynor then has the choice to side with this Protoss leader, who arrived on the planet to wipe out the colonists or he could trust the colonists with coming up with a cure for the virus and fight the Protoss Selendis
67%
Once achieving this, the Dark Templar instead receives a vision from this revered Protoss who died killing the above Zerg Tassadar
67%
Next, he asks Raynor to travel to the jungle planet of Bel'shir, to get this rare, purple resource, which is guarded by the Protoss Terrazine
67%
With one of the major threats to the mission neutralized, Raynor launches the final assault, using this weapon in order to return the Queen of Blades to her human form The Artifact
67%
Before Typhon could be consumed by above, Raynor manages to get the fourth fragment. When Raynor is supposed to meet with the Moebius Foundation, he instead is met by a Dominion fleet led by this ship, which is the flagship of the Dominion Emperor The Bucephalus
67%
After freeing them, the Dark Templar is told to travel back to the Protoss homeworld of Aiur to gain the memories from the corpse of this Zerg being The Overmind
67%
Using the Crystal, Raynor sees the Dark Templar's journey to uncover the supposed Xel'naga prophecy. Unable to fully decipher them, the Dark Templar travels the planet of Zhakul, where he hopes this ancient group of Protoss scholars can assist him The Preservers
67%
The weapon in successful and the Queen of Blades becomes human again. However this man tries to kill her because he would be killed by the Dominion if he did not. As a result, Raynor kills him Tychus Findlay
67%
Raynor gets a Protoss Ihan Crystal from this Dark Templar friend aboard the Hyperion. Raynor then experiences the events of the above through the crystal Zeratul
67%
While attempting to land, this ship, carrying the above general crashes into Zerg territory. Although Raynor's forces manage to save him in time, the wounds he sustained in battle cause him to cede overall command of the Dominion forces on the planet to Raynor Helios
50%
Raynor then travels to the location of the last artifact fragment, which is on board an ancient Xel'naga worldship. After fighting his way past Protoss defenses, This Protoss Executor attempts to stop aboard his mothership, but end up being killed by Raynor's fleet in the process Nyon
50%
Meanwhile, Raynor stages a raid on this research facility and smuggles Tychus onboard this Dominion war machine, which is scheduled to be paraded through the streets of the Dominion Capital The Odin
50%
No matching quizzes found
Score Distribution
Percent of People with Each Score
Percentile by Number Answered
Your Score History
You have not taken this quiz